Normal view
MARC view
- Biomedical Engineering and Science MS-Thesis.
Entry Topical Term
001 - CONTROL NUMBER
- control field: 25782
003 - CONTROL NUMBER IDENTIFIER
- control field: NUST
005 - DATE AND TIME OF LATEST TRANSACTION
- control field: 20191118113405.0
008 - FIXED-LENGTH DATA ELEMENTS
- fixed length control field: 191118|| aca||aabn | a|a d
040 ## - CATALOGING SOURCE
- Original cataloging agency: NUST
- Transcribing agency: NUST
150 ## - HEADING--TOPICAL TERM
- Topical term or geographic name entry element: Biomedical Engineering and Science MS-Thesis.
670 ## - SOURCE DATA FOUND
- Source citation: Work cat.: (NUST): Khan,Shahram Yusuf. 25781, Efficacy of Burst Transcutaneous Electric Nerve Stimulation in Pain Management and Therapy /, 2018.
